000 00502nam a2200181Ia 4500
008 090123s9999 xx 000 0 und d
082 _b1214
100 _aकर्वे इरावती
245 _aयुगान्त
250 _a1
260 _bदेशमुख रा.ज.
300 _a288
600 _aकर्वे इरावती
630 _aयुगान्त
700 _aकर्वे इरावती
730 _aयुगान्त
942 _cBOOK
999 _c39298
_d39298